[Event "Sharjah Cup (Women) 8th"]
[Site "Sharjah"]
[Date "2017.12.21"]
[Round "9"]
[White "Almaini, Aishah Sarhan"]
[Black "Zarkovic, Mila"]
[Result "0-1"]
[WhiteElo "1290"]
[BlackElo "2218"]
[PlyCount "128"]
[EventDate "2017.12.15"]
[EventType "swiss"]
[EventRounds "9"]
[EventCountry "UAE"]
[SourceTitle "CBM 182 Extra"]
[Source "ChessBase"]
[SourceDate "2018.02.23"]
[SourceVersion "1"]
[SourceVersionDate "2018.02.23"]
[SourceQuality "1"]

1. d4 Nf6 2. c4 e6 3. Nc3 Bb4 4. e3 0-0 5. Bd3 c5 6. Nge2 cxd4 7. exd4 d5 8. 0-0 dxc4 9. Bxc4 Nbd7 10. Bg5 Nb6 11. Bb3 Bd7 12. Ne4 Be7 13. Nxf6+ Bxf6 14. Bxf6 Qxf6 15. d5 Qxb2 16. dxe6 Bxe6 17. Bxe6 fxe6 18. Ng3 Rad8 19. Qg4 Rd6 20. Ne4 Rc6 21. Qd1 h6 22. Qb3 Qd4 23. Rae1 Kh8 24. Qa3 Rf4 25. Ng3 a6 26. Ne2 Qb4 27. Qd3 Rf8 28. Rb1 Qa5 29. Rb2 Qe5 30. Rfb1 Na4 31. Rxb7 Nc5 32. Qd4 Qxd4 33. Nxd4 Rd6 34. Rc7 Rxd4 35. Rxc5 Rd2 36. f3 Rxa2 37. Re1 Rd8 38. Rc4 Rdd2 39. Rg4 Kg8 40. h4 Kf7 41. Rf4+ Kg8 42. Rg4 Rd6 43. Rge4 e5 44. Kf1 Rd4 45. Rxe5 Rxh4 46. Re8+ Kh7 47. Kg1 Rd4 48. Kh2 Rdd2 49. Rg1 a5 50. Kh3 a4 51. Ree1 a3 52. Ra1 Rxa1 53. Rxa1 a2 54. g3 Kg6 55. Kg4 Rd4+ 56. f4 Ra4 57. Kf3 h5 58. Kg2 Kf5 59. Kh3 g5 60. fxg5 Kxg5 61. Kg2 Kg4 62. Kh2 Ra3 63. Kh1 Kxg3 64. Kg1 Rb3 0-1